[Event "83rd ESP-ch Women-ch 2018"]
[Site "Linares"]
[Date "2018.08.23"]
[Round "4"]
[White "Del Rio de Angelis, Salvador Gabriel"]
[Black "Sanchez Aller, Fernando"]
[Result "1-0"]
[WhiteElo "2525"]
[BlackElo "2345"]
[Annotator "TA"]
[EventDate "2018.08.09"]
[PlyCount "91"]
[EventType "tourn"]
[EventCountry "ESP"]

1. d4 Nf6 2. c4 g6 3. Nc3 Bg7 4. e4 d6 5. Be2 O-O 6. Be3 c6 7. Nf3 e5 8. d5
Ng4 9. Bc1 f5 10. exf5 gxf5 11. O-O $146 Na6 12. Rb1 c5 13. Ng5 Nf6 14. f3
Nc7 15. a3 Nh5 16. Nh3 f4 17. Nf2 $1 a5 18. Nfe4 Bf6 19. g4 Ng7 20. Bd3 Bh4
21. Bc2 Rf7 22. Qd3 Nge8 23. Kh1 Rg7 24. Bd2 h6 25. Rg1 $36 b6 26. Ba4 Nf6
27. Bc6 Ra7 28. b4 axb4 29. axb4 Na6 30. bxc5 Nxc5 $2 31. Nxc5 $18 bxc5 32.
Rb8 Bf2 33. Rf1 Bd4 34. Nb5 Ra2 35. Nxd6 $1 Qxd6 36. Rxc8+ Kf7 37. h3 e4
38. fxe4 Be3 $2 39. Be8+ $1 Ke7 40. Qb1 Rxd2 41. Qb7+ Nd7 42. Bxd7 Kf6 43.
Rc6 Kg5 44. Rxd6 Kh4 45. Qb1 Rxd7 46. Qe1+ 1-0

[Event "83rd ESP-ch Women-ch 2018"]
[Site "Linares"]
[Date "2018.08.23"]
[Round "4"]
[White "Asis Gargatagli, Hipolito"]
[Black "Teran Alvarez, Ismael"]
[Result "1/2-1/2"]
[WhiteElo "2515"]
[BlackElo "2377"]
[Annotator "TA"]
[EventDate "2018.08.09"]
[PlyCount "53"]
[EventType "tourn"]
[EventCountry "ESP"]

1. e4 e5 2. Nf3 d6 3. Bc4 Be7 4. d3 Nf6 5. O-O O-O 6. Re1 c6 7. Bb3 Bg4 8.
Nbd2 Nbd7 9. c3 Nc5 10. Bc2 Ne6 11. h3 Bh5 12. Nf1 Nd7 13. Ng3 $146 Bxf3
14. Qxf3 g6 15. Bh6 Re8 16. Nf1 Bg5 17. Bxg5 Qxg5 18. g3 Rf8 19. h4 Qf6 20.
Qxf6 Nxf6 21. Ne3 Kg7 22. Rad1 Rad8 23. Bb3 Nc5 24. Bc2 Ne6 25. Bb3 Nc5 26.
Bc2 Ne6 27. Bb3 1/2-1/2

[Event "83rd ESP-ch Women-ch 2018"]
[Site "Linares"]
[Date "2018.08.23"]
[Round "4"]
[White "Espinosa Aranda, Angel"]
[Black "Alshameary Puente, Ismael"]
[Result "1-0"]
[WhiteElo "2451"]
[BlackElo "2343"]
[Annotator "TA"]
[EventDate "2018.08.09"]
[PlyCount "47"]
[EventType "tourn"]
[EventCountry "ESP"]

1. Nf3 Nf6 2. c4 c5 3. Nc3 d5 4. cxd5 Nxd5 5. e3 Nc6 6. Bb5 Nxc3 7. bxc3
Bd7 8. Rb1 Qc7 9. d4 e6 10. O-O cxd4 11. exd4 $16 Be7 12. Bd3 O-O 13. Qe2
$146 Rfe8 14. Bg5 Bd6 15. Qe4 f5 16. Qh4 $40 Ne7 17. c4 Ng6 18. Qh5 b6 19.
Rfe1 e5 $2 20. c5 $1 $18 bxc5 21. Bd2 Nf4 $2 22. Bxf4 $1 g6 23. Bc4+ Kh8
24. Qh4 1-0

[Event "83rd ESP-ch Women-ch 2018"]
[Site "Linares"]
[Date "2018.08.23"]
[Round "4"]
[White "Moreno Ruiz, Javier"]
[Black "Salgado Lopez, Ivan"]
[Result "1/2-1/2"]
[WhiteElo "2450"]
[BlackElo "2643"]
[Annotator "TA"]
[EventDate "2018.08.09"]
[PlyCount "61"]
[EventType "tourn"]
[EventCountry "ESP"]

1. d4 Nf6 2. Bf4 c5 3. e3 Qb6 4. Na3 d6 5. Nc4 Qc7 6. Nf3 Nh5 $146 7. Bg5
h6 8. Bh4 g5 9. Nfd2 Ng7 10. Bg3 Nf5 11. dxc5 Qxc5 12. Nb3 Qc7 13. e4 Nxg3
14. hxg3 Bg7 15. c3 Nc6 16. Ne3 e6 17. Be2 Bd7 18. Qd2 O-O-O 19. O-O-O Be8
$1 20. Kb1 Kb8 21. f4 a6 22. Ka1 Ne7 23. Nd4 Ba4 24. Rc1 Bd7 25. Bh5 Rhf8
26. Rhf1 gxf4 27. gxf4 Bc8 28. f5 Ng8 29. Ng4 Qe7 30. Rce1 Nf6 31. Nxf6
1/2-1/2

[Event "83rd ESP-ch Women-ch 2018"]
[Site "Linares"]
[Date "2018.08.23"]
[Round "4"]
[White "Garza Marco, Sergio"]
[Black "Tudela Corbalan, Carlos"]
[Result "1-0"]
[WhiteElo "2414"]
[BlackElo "2246"]
[Annotator "TA"]
[EventDate "2018.08.09"]
[PlyCount "75"]
[EventType "tourn"]
[EventCountry "ESP"]

1. d4 f5 2. c4 Nf6 3. e3 e6 4. Nc3 Bb4 5. Bd3 b6 6. Ne2 Bb7 7. f3 O-O 8.
O-O Nc6 9. a3 Bxc3 10. Nxc3 Qe7 11. b4 Kh8 $146 12. Bb2 d6 13. Qd2 Rae8 14.
Ne2 Bc8 15. Ng3 Bd7 16. Bc3 Qf7 17. b5 Nd8 18. a4 g6 19. a5 Kg8 20. axb6
axb6 21. Ra7 Bc8 22. Ne2 Nb7 23. Nc1 $36 Nd7 24. Na2 f4 25. exf4 $18 Qxf4
26. Qxf4 Rxf4 27. Be4 d5 28. cxd5 Nd6 29. dxe6 Nf6 30. Bc6 Rxe6 31. Rxc7
Re2 32. Nb4 Be6 33. Ra1 Bf7 34. Nd3 Rf5 35. Ne5 Ba2 36. Re1 Rc2 37. Bb4
Nde8 38. Re7 1-0

[Event "83rd ESP-ch Women-ch 2018"]
[Site "Linares"]
[Date "2018.08.23"]
[Round "4"]
[White "Tejedor Fuente, Enrique"]
[Black "Santos Latasa, Jaime"]
[Result "1/2-1/2"]
[WhiteElo "2408"]
[BlackElo "2582"]
[Annotator "TA"]
[EventDate "2018.08.09"]
[PlyCount "60"]
[EventType "tourn"]
[EventCountry "ESP"]

1. e4 e5 2. Nf3 Nc6 3. Bb5 a6 4. Bxc6 dxc6 5. O-O f6 6. d4 Bg4 7. dxe5 Qxd1
8. Rxd1 fxe5 9. Be3 Bxf3 10. gxf3 Bd6 11. Nd2 O-O-O 12. Nc4 Ne7 13. f4 exf4
14. Nxd6+ cxd6 15. Bxf4 d5 16. Bg5 Rhe8 $146 17. Bxe7 Rxe7 18. exd5 Rxd5
19. Rxd5 cxd5 $11 20. Kf1 Kc7 21. Rd1 Kc6 22. Rd3 g6 23. Rc3+ Kd6 24. Rd3
Kc6 25. Rc3+ Kd6 26. Rd3 Kc6 27. Rc3+ Kd6 28. Rd3 Kc6 29. Rc3+ Kd6 30. Rd3
Kc6 1/2-1/2

[Event "83rd ESP-ch Women-ch 2018"]
[Site "Linares"]
[Date "2018.08.23"]
[Round "4"]
[White "Merario Alarcon, Andres"]
[Black "Diaz Rodriguez, Jose Antonio"]
[Result "1/2-1/2"]
[WhiteElo "2406"]
[BlackElo "1991"]
[Annotator "TA"]
[EventDate "2018.08.09"]
[PlyCount "79"]
[EventType "tourn"]
[EventCountry "ESP"]

1. d4 Nf6 2. Bg5 Ne4 3. Bf4 d5 4. e3 c6 5. Bd3 Nd7 6. Ne2 Ndf6 7. f3 $146
Nd6 8. Ng3 Qb6 9. Qc1 e6 10. O-O h5 11. Nd2 h4 12. Ne2 $36 Nh5 13. Bg5 Be7
14. Bxe7 Kxe7 15. e4 e5 16. c3 Nf4 17. Nxf4 exf4 18. exd5 cxd5 19. Nb3 g5
20. Qe1+ Be6 21. h3 Rag8 22. Nc5 $16 Rh6 23. Qe5 Qc6 24. Rfe1 b6 25. Na6 $1
Nc4 26. Bxc4 $1 Qxc4 27. Nb4 Kd7 28. b3 Qc7 29. Qe2 $1 a5 30. Nd3 Ke7 31.
Rac1 Kf8 32. Ne5 Kg7 33. c4 dxc4 34. bxc4 Rd8 $2 35. Qb2 Kg8 36. d5 Qc5+
37. Kh2 $18 Bd7 $2 38. Nxd7 Rxd7 39. Re8+ Kh7 40. Qe5 1/2-1/2

[Event "83rd ESP-ch Women-ch 2018"]
[Site "Linares"]
[Date "2018.08.23"]
[Round "4"]
[White "Montero Melendez, Rafael"]
[Black "Diaz Castro, Ismael"]
[Result "1-0"]
[WhiteElo "2367"]
[BlackElo "2212"]
[Annotator "TA"]
[EventDate "2018.08.09"]
[PlyCount "47"]
[EventType "tourn"]
[EventCountry "ESP"]

1. c4 Nf6 2. g3 g6 3. Bg2 Bg7 4. Nc3 O-O 5. e4 d6 6. Nge2 e5 7. d3 Be6 8.
h3 c6 9. O-O Nfd7 10. Be3 a5 11. f4 f5 12. exf5 gxf5 13. b3 Nf6 $146 14.
Rc1 Qe7 15. fxe5 dxe5 16. d4 Nh5 17. d5 f4 18. gxf4 exf4 19. Bxf4 Bxh3 20.
Bxh3 Nxf4 21. Nxf4 Qe3+ 22. Kg2 Bxc3 $4 23. Be6+ Kh8 $18 24. Ng6+ $1 1-0

[Event "83rd ESP-ch Women-ch 2018"]
[Site "Linares"]
[Date "2018.08.23"]
[Round "4"]
[White "Ayats Llobera, Gerard"]
[Black "Huerga Leache, Mikel"]
[Result "1-0"]
[WhiteElo "2345"]
[BlackElo "2451"]
[Annotator "TA"]
[EventDate "2018.08.09"]
[PlyCount "62"]
[EventType "tourn"]
[EventCountry "ESP"]

1. e4 e6 2. b3 d5 3. Bb2 Nf6 4. e5 Ng8 5. c3 $146 c5 6. Nf3 b6 7. d4 cxd4
8. cxd4 Ne7 9. Nc3 Ba6 10. Nb5 Nec6 $1 11. a3 Qd7 12. Rc1 Be7 13. Bd3 O-O
14. h4 Nb4 $1 $11 15. axb4 Bxb5 $17 16. Bxh7+ $2 Kxh7 $19 17. Ng5+ Kg8 18.
Rh3 f6 $2 19. Qh5 $1 $40 fxg5 20. hxg5 $18 Bxg5 $2 21. Qh7+ Kf7 22. Rf3+ $1
Ke8 23. Qg6+ Rf7 24. Rxf7 Qxf7 25. Rc8+ Kd7 26. Qxf7+ Kxc8 27. Qxe6+ Kb7
28. Qxd5+ Bc6 29. Qf7+ Ka6 30. d5 Bb5 31. Qf8 Bh6 1-0

[Event "83rd ESP-ch Women-ch 2018"]
[Site "Linares"]
[Date "2018.08.23"]
[Round "4"]
[White "Alvarez Fernandez, Enrique"]
[Black "Jimenez de la Torre, Jose Antonio"]
[Result "1-0"]
[WhiteElo "2324"]
[BlackElo "2076"]
[Annotator "TA"]
[EventDate "2018.08.09"]
[PlyCount "149"]
[EventType "tourn"]
[EventCountry "ESP"]

1. d4 f5 2. Nf3 Nf6 3. Bf4 e6 4. e3 Be7 5. h3 O-O 6. Be2 c5 7. O-O b6 8. c3
$146 Bb7 9. a4 Nc6 10. Nbd2 Ne4 11. Bh2 d5 12. Ne5 cxd4 13. exd4 Nxe5 14.
Bxe5 Nxd2 15. Qxd2 Bd6 16. Bxd6 Qxd6 17. Rfe1 a5 18. Bd3 Rf6 19. Re5 Rc8
20. Qe2 Bc6 21. Re1 Bd7 22. Qc2 h6 23. Ra1 Rcf8 24. Qb3 g5 25. Rae1 Kg7 26.
Ra1 Rc8 27. Qc2 $14 Rcf8 28. Qe2 Rc8 29. Ra3 Rc7 30. Ra1 Rc8 31. Kh1 Rcf8
32. f4 gxf4 33. Qf2 Rg6 34. Qxf4 Qe7 35. Re2 Qg5 36. Qe5+ Rff6 37. Kh2 h5
38. g3 Kg8 39. h4 Qg4 40. Rg2 $36 Rh6 41. Qd6 Be8 42. Qxb6 $18 Bg6 43. Qb8+
Kg7 44. Qf4 Rh8 45. Be2 Qxf4 46. gxf4 Kh6 47. Kg1 Rb8 48. Bb5 $1 Be8 49.
Bxe8 Rxe8 50. Kf2 Rb8 51. Ke3 Rf7 52. Rag1 Rb6 53. Kd3 Rfb7 54. Rb1 Rb3 55.
Kc2 R3b6 56. b3 Rc6 57. Kd3 Rcb6 58. Kc2 Rc6 59. Rg3 Rcb6 60. Rb2 Rc6 61.
Kb1 Rbc7 62. Rc2 Rb6 63. Ka2 $1 Rcb7 64. Rb2 Rc6 65. b4 Rc4 66. Ka3 axb4+
$2 67. Rxb4 Rbxb4 68. cxb4 Rxd4 69. b5 e5 70. fxe5 f4 71. Rb3 Rc4 72. b6
Rc8 73. a5 Kg6 74. b7 Rb8 75. a6 1-0

[Event "83rd ESP-ch Women-ch 2018"]
[Site "Linares"]
[Date "2018.08.23"]
[Round "4"]
[White "Serarols Mabras, Bernat"]
[Black "Santos Ruiz, Miguel"]
[Result "0-1"]
[WhiteElo "2313"]
[BlackElo "2517"]
[Annotator "TA"]
[EventDate "2018.08.09"]
[PlyCount "56"]
[EventType "tourn"]
[EventCountry "ESP"]

1. d4 Nf6 2. c4 e6 3. Nc3 Bb4 4. e3 O-O 5. Bd3 d5 6. Nf3 dxc4 7. Bxc4 c5 8.
O-O cxd4 9. exd4 Nc6 10. Bg5 h6 11. Bh4 Be7 12. Bg3 b6 13. Rc1 $146 Bb7 14.
Re1 Rc8 15. Qe2 Nxd4 16. Nxd4 Qxd4 17. Nb5 Qe4 18. Qf1 Qg6 19. Nxa7 Rcd8
20. Bc7 Rd4 $40 21. Red1 Rxd1 22. Rxd1 Bc5 23. b4 Bxb4 24. Bxb6 Nd5 25. Bd4
$2 Nf4 $19 26. g3 Bg2 27. Bd3 Qg4 28. f3 Bxf3 0-1

[Event "83rd ESP-ch Women-ch 2018"]
[Site "Linares"]
[Date "2018.08.23"]
[Round "4"]
[White "Calzetta Ruiz, Monica"]
[Black "Vergara Anton, Diego"]
[Result "0-1"]
[WhiteElo "2302"]
[BlackElo "2022"]
[Annotator "TA"]
[EventDate "2018.08.09"]
[PlyCount "60"]
[EventType "tourn"]
[EventCountry "ESP"]

1. e4 e6 2. d4 d5 3. Nd2 c5 4. Ngf3 cxd4 5. Nxd4 Nf6 6. exd5 Nxd5 7. N2f3
Bb4+ 8. Bd2 O-O 9. Be2 Qe7 10. O-O Bxd2 $146 11. Qxd2 e5 12. Nb5 Rd8 13.
Nxe5 Qxe5 14. c4 Nc6 15. cxd5 Rxd5 16. Qe3 Be6 17. Qxe5 Rxe5 18. Nc3 Nd4
19. Bd3 $1 Rd8 20. Rfd1 Bf5 21. Bxf5 Rxf5 22. Kf1 Re5 23. Rd2 Ree8 24. Rad1
Nc6 25. Nd5 Kf8 26. b4 Ne5 27. Rd4 Nc6 28. R4d2 Ne5 29. Rd4 Nc6 30. R4d2
Ne5 0-1

[Event "83rd ESP-ch Women-ch 2018"]
[Site "Linares"]
[Date "2018.08.23"]
[Round "4"]
[White "Diaz Castro, Sergio"]
[Black "Lopez Varela, Pablo"]
[Result "0-1"]
[WhiteElo "2289"]
[BlackElo "2100"]
[Annotator "TA"]
[EventDate "2018.08.09"]
[PlyCount "70"]
[EventType "tourn"]
[EventCountry "ESP"]

1. e4 e5 2. Nf3 d6 3. d4 exd4 4. Nxd4 Nf6 5. Nc3 Be7 6. g3 Nc6 7. Bg2 Nxd4
8. Qxd4 O-O 9. Bf4 Be6 10. O-O Qd7 11. Rfe1 $146 a6 12. Rad1 Rad8 13. e5
dxe5 14. Qxe5 Bd6 15. Qa5 Qc8 16. Bxd6 cxd6 17. Qb6 d5 18. Rd2 Qc6 19. Qd4
h6 20. Re5 Rfe8 21. Nxd5 $2 Bxd5 $19 22. Rxe8+ Qxe8 23. c4 Qe1+ 24. Bf1 Rd7
$1 25. Rd1 $2 Bf3 $1 26. Qxd7 Qxd1 27. Qc8+ Kh7 28. Qf5+ Kh8 29. Qc8+ Ng8
30. Qe8 Qb1 31. a4 Qxb2 32. Qxf7 Qf6 33. Qe8 Bc6 34. Qe3 Bxa4 35. h3 Bc6
0-1

[Event "83rd ESP-ch Women-ch 2018"]
[Site "Linares"]
[Date "2018.08.23"]
[Round "4"]
[White "Esquivias Quintero, Luis Manuel"]
[Black "Arizmendi Martinez, Julen Luis"]
[Result "1/2-1/2"]
[WhiteElo "2260"]
[BlackElo "2507"]
[Annotator "TA"]
[EventDate "2018.08.09"]
[PlyCount "85"]
[EventType "tourn"]
[EventCountry "ESP"]

1. e4 c5 2. Nf3 Nc6 3. d4 cxd4 4. Nxd4 g6 5. c4 Nf6 6. Nc3 Nxd4 7. Qxd4 d6
8. Be3 Bg7 9. f3 O-O 10. Qd2 a5 11. b3 Bd7 12. Be2 Bc6 13. O-O Nd7 14. Rab1
Nc5 15. a3 a4 16. b4 Nb3 17. Qd3 f5 $146 18. exf5 $16 Rxf5 19. Bd1 d5 20.
Nxd5 b5 $11 21. Qe2 Nd4 22. Qf2 Bxd5 23. cxd5 Rxd5 24. Kh1 Rc8 25. Qa2 Kh8
26. Rc1 Rxc1 27. Bxc1 Qd7 28. f4 Bf6 29. Bg4 Qd6 30. Be3 h5 $1 $17 31. Bh3
Kg7 32. Qf2 Nf5 33. Bc5 Qd7 $1 34. Qe2 Kf7 35. Re1 Rd2 $19 36. Qe4 Rd1 37.
Qe2 Rxe1+ 38. Qxe1 Qd3 39. Qc1 Qe4 40. Bg1 Bd4 $2 41. Bxf5 $1 $11 gxf5 42.
Bxd4 Qxd4 43. h3 1/2-1/2

[Event "83rd ESP-ch Women-ch 2018"]
[Site "Linares"]
[Date "2018.08.23"]
[Round "4"]
[White "Jimenez Bernal, Francisco"]
[Black "Garriga Cazorla, Pere"]
[Result "0-1"]
[WhiteElo "2250"]
[BlackElo "2444"]
[Annotator "TA"]
[EventDate "2018.08.09"]
[PlyCount "90"]
[EventType "tourn"]
[EventCountry "ESP"]

1. Nf3 c5 2. c4 Nc6 3. d4 cxd4 4. Nxd4 e6 5. Nc3 Nf6 6. Ndb5 d6 7. Bf4 e5
8. Bg5 a6 9. Bxf6 gxf6 10. Na3 f5 11. e3 Be6 12. Qd2 Rc8 13. Nd5 Bg7 14.
Be2 Ne7 $146 15. O-O O-O 16. Rfd1 Ng6 17. Rab1 f4 18. e4 Qg5 19. Kh1 Kh8
20. Nc2 f5 21. Bd3 fxe4 $40 22. Bxe4 Rxc4 23. f3 Nh4 24. b3 Rc5 25. Ne1 $17
Nf5 26. Bxf5 Rxd5 $19 27. Bd3 Rc5 28. Be4 d5 $1 29. Qf2 Qe7 $1 30. Bc2 Rc3
31. b4 Rfc8 32. Bb3 $2 Bf5 33. Bxd5 Bxb1 34. Rxb1 Rc1 35. Rxc1 Rxc1 36. Qd2
Qc7 37. Be4 Bf8 38. h3 $2 Qc3 39. Qxc3 Rxc3 40. Nd3 Bd6 41. Kh2 b6 42. h4
Kg7 43. Kh3 h5 44. g4 fxg3 45. Kxg3 Ra3 0-1

[Event "83rd ESP-ch Women-ch 2018"]
[Site "Linares"]
[Date "2018.08.23"]
[Round "4"]
[White "Sanchez Jerez, Emilio Miguel"]
[Black "Pablos Tenrero, Raquel"]
[Result "1-0"]
[WhiteElo "2246"]
[BlackElo "2015"]
[Annotator "TA"]
[EventDate "2018.08.09"]
[PlyCount "147"]
[EventType "tourn"]
[EventCountry "ESP"]

1. c4 e5 2. g3 Nf6 3. Bg2 d6 4. Nc3 Be7 5. Nf3 c6 6. d3 Bg4 7. O-O Nbd7 8.
h3 Bxf3 9. Bxf3 O-O 10. e4 $146 Nc5 11. d4 exd4 12. Qxd4 Nfd7 13. Bg2 Ne5
14. b3 Bf6 15. Qe3 Ned3 16. Bd2 a5 17. Rab1 Nb4 18. Rfd1 Qe7 19. Qe2 Nc2
20. Bf4 $14 Nd4 21. Qd2 Rfd8 22. Be3 Nde6 23. Qc2 Re8 24. h4 Nf8 25. f3 Ng6
26. Rd2 Red8 27. Nd1 Ne5 28. Nf2 h5 29. f4 $16 Ned7 30. Rbd1 $1 Ne6 31.
Rxd6 $18 Qe8 32. e5 Be7 33. Ne4 Ndf8 34. Rxd8 Rxd8 35. Bb6 Rd7 36. Bf3 g6
37. Rxd7 Qxd7 38. Qd1 Qxd1+ 39. Bxd1 Bb4 40. Nf6+ Kg7 41. Kf1 Nh7 42. Ne8+
Kf8 43. Nd6 Bxd6 44. exd6 Ke8 45. f5 gxf5 46. Bxh5 Nf6 47. Bf3 Kd7 48. Bxa5
Kxd6 49. Bc3 Ke7 50. Ke2 Nc5 51. Bb4 Nd7 52. Ke3 Kf6 53. Bc3+ Kg6 54. b4
Ne6 55. c5 f6 56. a4 Ne5 57. Be2 Nd7 $2 58. Bd3 Nc7 59. g4 Nd5+ 60. Kd2 Ne7
61. a5 Kh6 62. Bxf5 Nxf5 63. gxf5 Kh5 64. Ke3 Kxh4 65. Kf4 Kh5 66. Bd4 Kh6
67. b5 $1 Nb8 68. a6 bxa6 69. bxc6 Nxc6 70. Bxf6 Kh7 71. Ke4 Kg8 72. Kd5
Nb4+ 73. Kd6 Kf7 74. Bc3 1-0

[Event "83rd ESP-ch Women-ch 2018"]
[Site "Linares"]
[Date "2018.08.23"]
[Round "4"]
[White "Orantes Taboada, Francisco"]
[Black "Suarez Uriel, Adrian"]
[Result "0-1"]
[WhiteElo "2242"]
[BlackElo "2391"]
[TimeControl "40/5400+30:1800+30"]
[Annotator "NA RC"]
[EventDate "2018.08.09"]
[PlyCount "82"]
[EventType "tourn"]
[EventCountry "ESP"]

1. e4 d6 2. d4 Nf6 3. Nc3 e5 4. Nf3 Nbd7 5. dxe5 dxe5 6. Bc4 Bc5 7. O-O O-O
8. a4 c6 9. Bg5 h6 10. Bd2 a5 11. Qe2 Re8 $146 12. Rad1 Qb6 13. Nh4 Nf8 14.
Nf5 Be6 15. Bxe6 Nxe6 16. Qf3 Nd4 17. Nxh6+ gxh6 18. Qxf6 Re6 19. Qh4 Qxb2
20. Kh1 Qxc2 21. f4 exf4 22. Rxf4 Rg6 23. Rg4 Qb3 24. Rf1 Qe6 25. Rxg6+
fxg6 26. Bxh6 Be7 27. Bg5 Rf8 28. Rxf8+ Bxf8 29. Bf6 Nc2 30. e5 Bg7 31. Ne4
Qc4 32. h3 Ne3 33. Qf2 Qxe4 34. Bxg7 Qxg2+ 35. Qxg2 Nxg2 36. Bf6 Ne3 37. e6
b5 38. Kh2 bxa4 39. Kg3 a3 40. Kh4 Nd5 $19 41. Ba1 Nf4 0-1

[Event "83rd ESP-ch Women-ch 2018"]
[Site "Linares"]
[Date "2018.08.23"]
[Round "4"]
[White "Carretero Ortiz, Francisco"]
[Black "Vega Gutierrez, Sabrina Neide"]
[Result "0-1"]
[WhiteElo "2241"]
[BlackElo "2390"]
[Annotator "TA"]
[EventDate "2018.08.09"]
[PlyCount "64"]
[EventType "tourn"]
[EventCountry "ESP"]

1. e4 c5 2. g3 Nc6 3. Bg2 Nf6 4. Ne2 e5 5. Nbc3 d6 6. d3 Be7 7. f4 exf4 8.
Bxf4 Bg4 9. Qd2 Qd7 $146 10. h3 Be6 11. g4 h6 12. d4 d5 13. O-O-O O-O-O 14.
dxc5 d4 $1 $14 15. Nb5 Bxc5 $11 16. b4 Bc4 17. bxc5 Bxb5 18. Bd6 Bxe2 $1
19. Qxe2 Qe6 $1 20. Rd3 Qxa2 21. Rb3 Na5 22. Rb2 Qa1+ 23. Rb1 Qa3+ 24. Kd1
Ne8 25. e5 $16 Nxd6 26. cxd6 Rd7 27. Qb5 Qc3 28. Be4 Nc4 $11 29. Rh2 Na3 $1
$40 30. Qa4 $2 Nxb1 $19 31. Qxa7 Qa3 32. Qxd4 Nc3+ 0-1

[Event "83rd ESP-ch Women-ch 2018"]
[Site "Linares"]
[Date "2018.08.23"]
[Round "4"]
[White "Blazquez Gomez, Juan Carlos"]
[Black "Blazquez Gomez, Miguel"]
[Result "1/2-1/2"]
[WhiteElo "2240"]
[BlackElo "1998"]
[Annotator "TA"]
[EventDate "2018.08.09"]
[PlyCount "62"]
[EventType "tourn"]
[EventCountry "ESP"]

1. e4 e6 2. d4 d5 3. Nc3 Nf6 4. Bg5 dxe4 5. Nxe4 Nbd7 6. Nf3 Be7 7. Nxf6+
Bxf6 8. Qd2 Bxg5 9. Nxg5 Nf6 10. Be2 Qd6 11. O-O-O O-O 12. Bf3 Rb8 13. Ne4
Nxe4 14. Bxe4 Bd7 15. g3 $146 Bc6 16. d5 exd5 17. Bxd5 Bxd5 18. Qxd5 Qb6
19. Qf3 Rbe8 20. Rd2 Re7 21. Rhd1 Rfe8 22. b3 c6 23. Rd7 Qc5 24. Rxe7 Qxe7
$11 25. Kb2 Qe5+ 26. Qc3 Qxc3+ 27. Kxc3 Kf8 28. Rd7 Re7 $1 29. Rd8+ Re8 30.
Rd7 Re7 $1 31. Rd8+ Re8 1/2-1/2

[Event "83rd ESP-ch Women-ch 2018"]
[Site "Linares"]
[Date "2018.08.23"]
[Round "4"]
[White "Silva Rodriguez, Fernando"]
[Black "Matnadze, Ana"]
[Result "1/2-1/2"]
[WhiteElo "2239"]
[BlackElo "2378"]
[Annotator "TA"]
[EventDate "2018.08.09"]
[PlyCount "179"]
[EventType "tourn"]
[EventCountry "ESP"]

1. e4 c6 2. d4 d5 3. Nd2 dxe4 4. Nxe4 Nf6 5. Nxf6+ exf6 6. c3 Bd6 7. Bd3
O-O 8. Ne2 Qc7 9. Qc2 g6 10. h4 Re8 11. h5 f5 12. Be3 $146 c5 $2 13. dxc5
$18 Bxc5 14. hxg6 hxg6 15. Qa4 Rxe3 16. fxe3 Qe7 17. O-O-O $2 Nc6 18. Kb1
Ne5 19. Qf4 Ng4 20. Nd4 Bd7 $2 21. Rde1 Re8 22. Bc2 b5 23. Qf3 Qe5 24. Qh3
Qg7 25. Qg3 Rc8 26. Bb3 Nf6 27. Qe5 Bf8 28. Rd1 a5 29. a3 Ng4 30. Qxg7+
Kxg7 $16 31. Rhe1 Nf2 32. Rd2 Ne4 33. Rc2 Kf6 34. Rd1 Bh6 35. Re2 Be8 36.
Bd5 Ng3 37. Ree1 Kg7 38. Ka1 Bg5 39. Nc2 Be7 40. e4 f4 41. e5 g5 42. Nd4
Rc5 43. Nb3 Rc7 44. Nxa5 Nf5 45. Be4 Ne3 46. Rd2 Rc5 47. Bb1 Rxe5 $11 48.
Rg1 f5 49. Nb3 Nc4 50. Rf2 Kf6 51. Bd3 Ne3 52. Rd2 g4 53. Be2 Bc6 $36 54.
Nd4 $2 Bxg2 $19 55. Bxb5 f3 56. a4 g3 $2 57. Nxf3 $1 $11 Bxf3 58. Rxg3 Bg4
59. Rf2 Kg5 60. b4 Bf6 $1 61. Ka2 Nd1 62. Rd2 Ne3 63. Rf2 Nd5 64. Kb3 Re1
65. Kc4 $2 Ne3+ $19 66. Kc5 f4 67. Rxg4+ Nxg4 68. Rc2 $2 Ne3 69. Ra2 Bxc3
70. a5 Nf5 71. a6 $2 Bd4+ 72. Kc6 Re6+ 73. Kc7 Re7+ 74. Bd7 f3 75. a7 Bxa7
$1 76. Rxa7 f2 77. Ra1 Ng3 $2 78. Kd6 Re1 79. Ra5+ Kf4 80. Bb5 Ne2 81. Ra8
f1=Q $2 82. Rf8+ $11 Ke3 83. Rxf1 Rxf1 84. Bxe2 $1 Kxe2 85. b5 Kd3 86. b6
Kc4 87. b7 Rf8 88. Kc7 Rf7+ 89. Kc8 Rf8+ 90. Kc7 1/2-1/2

[Event "83rd ESP-ch Women-ch 2018"]
[Site "Linares"]
[Date "2018.08.23"]
[Round "4"]
[White "Rodriguez Perez, Angel Mariano"]
[Black "Gonzalez Garcia, Francisco"]
[Result "1-0"]
[WhiteElo "2223"]
[BlackElo "1972"]
[Annotator "TA"]
[EventDate "2018.08.09"]
[PlyCount "89"]
[EventType "tourn"]
[EventCountry "ESP"]

1. e4 c5 2. Nc3 e6 3. f4 d5 4. Bb5+ Nc6 5. Bxc6+ bxc6 6. d3 Nf6 7. e5 Nd7
8. Nf3 Be7 9. O-O O-O 10. Qe1 Ba6 11. b3 Rb8 12. Qg3 Kh8 $146 13. Kh1 Qa5
14. Bd2 Qc7 15. Rfe1 Rbe8 16. Nd1 Bc8 17. Bc3 d4 18. Bd2 Nb6 19. Ba5 Qd7
20. Bxb6 axb6 21. Nf2 Bb7 22. Qh3 b5 23. Ng5 $1 $16 Bxg5 24. fxg5 f6 25.
exf6 gxf6 26. Ne4 $36 fxg5 27. Nxc5 Qf7 28. Nxb7 Qxb7 29. Rxe6 Qf7 30. Rxe8
$18 Rxe8 31. Qg4 Qf2 32. h3 Re2 33. Qxg5 Rxc2 $2 34. a4 Re2 35. Kh2 Re1 36.
Rxe1 Qxe1 37. Qd8+ Kg7 38. Qxd4+ Kg8 39. axb5 cxb5 40. Qd5+ Kg7 41. Qxb5
Qf1 42. Qd7+ Kh8 43. Qd4+ Kg8 44. Qg4+ Kh8 45. Qf3 1-0

[Event "83rd ESP-ch Women-ch 2018"]
[Site "Linares"]
[Date "2018.08.23"]
[Round "4"]
[White "Sanchez Vigon, David"]
[Black "Nunez, Daniela Alejandra"]
[Result "0-1"]
[WhiteElo "2220"]
[BlackElo "2021"]
[Annotator "TA"]
[EventDate "2018.08.09"]
[PlyCount "98"]
[EventType "tourn"]
[EventCountry "ESP"]

1. e4 c5 2. Nf3 e6 3. d4 cxd4 4. Nxd4 Nc6 5. Nc3 Qc7 6. g3 a6 7. Bg2 h5 8.
O-O h4 9. Re1 d6 10. Nxc6 bxc6 11. e5 d5 12. Na4 hxg3 13. hxg3 Ne7 14. c4
Nf5 15. Bd2 $146 Be7 16. Rc1 Qd8 17. Bc3 a5 18. b3 Kf8 19. c5 Ra7 20. Qg4
Kg8 21. Rcd1 Qf8 22. Bd4 $2 g6 23. Be3 Nxe3 24. Rxe3 Rb7 25. Rc1 Rb4 $19
26. Qe2 Bg5 $36 27. f4 Be7 28. Rec3 Rb5 29. Kf2 Ba6 30. Qf3 Rb4 31. a3 Rb7
32. Qe3 Rh2 33. Rh1 Rxh1 $1 34. Bxh1 Qd8 35. Qd4 Qb8 36. Nb6 $17 Qc7 37. b4
axb4 38. axb4 Ra7 39. Rc1 Bb5 40. Ra1 Qb7 41. Nc8 Bxc5 $1 42. bxc5 Rxa1 43.
Qxa1 Qxc8 44. Qa5 Kg7 45. Bg2 Qb8 $19 46. Bf1 $2 Bxf1 47. Kxf1 Qb1+ 48. Kg2
Qe4+ 49. Kh3 $2 Qh1+ 0-1